| 000 | 00508nam a2200181 a 4500 | ||
|---|---|---|---|
| 005 | 20140310183221.0 | ||
| 008 | 030929s19uu xx 00 eng d | ||
| 020 | _a0137955502 | ||
| 050 |
_aHF 5415.12.A8 _b.C35 1999 |
||
| 100 | _aCapon, Noel | ||
| 245 |
_aThe Asian marketing casebook / _cNoel Capon. |
||
| 260 |
_aSingapore : _bPrentice Hall, _c1999. |
||
| 300 |
_axxvi, 958p. : _bill. ; _c24cm. |
||
| 521 | _aBSBA | ||
| 650 |
_aMarketing _xAsia _xcase study |
||
| 942 |
_cBK _2lcc _kFOR |
||
| 999 |
_c20315 _d20315 |
||